Lobos cerebrais com imagens - Statistics

Estatísticas Gerais
  • Esse quiz foi jogado 44 vezes
  • A pontuação média é 3 de 5
Estatísticas das Respostas
Imagem Resposta % Correto
Lobo frontal
100%
Lobo temporal
79%
Lobo occipital
59%
Lobo da ínsula
35%
Lobo pariental
35%
Nenhum quiz correspondente encontrado
Distribuição das Pontuações
Porcentagem de Pessoas com Cada Pontuação
Percentil de Números Respondidos
Sua Pontuação Histórica
Você não jogou esse quiz